FORLANG : cudzie jazyky v akademickom prostredí periodický zborník vedeckých príspevkov a odborných článkov zo [7.] medzinárodnej vedeckej konferencie konanej 18. - 19. júna 2015, Košice

Saved in:
Bibliographic Details
Corporate Author: FORLANG. Medzinárodná vedecká konferencia
Other Authors: Kaščáková, Eva, Mihoková, Kristína, Brestovičová, Alexandra, Knutová, Gabriela
Format: Book
Language:Slovak
English
German
Published: Košice Katedra jazykov Technickej univerzity v Košiciach 2015
Subjects:
Tags: Add Tag
No Tags, Be the first to tag this record!

MARC

LEADER 00000nlm$a2200000$$$4500
001 0209331
005 20240515113844.9
020 |a 978-80-553-2246-9 
022 |a 1338-5496 
041 0 |a slo 
041 0 |a eng 
041 0 |a ger 
044 |a SK 
245 1 0 |a FORLANG : cudzie jazyky v akademickom prostredí  |b periodický zborník vedeckých príspevkov a odborných článkov zo [7.] medzinárodnej vedeckej konferencie konanej 18. - 19. júna 2015, Košice  |c eds.: Eva Kaščáková, Kristína Mihoková ; recenzenti: Alexandra Brestovičová, Gabriela Knutová ... [et al.] 
264 1 |a Košice  |b Katedra jazykov Technickej univerzity v Košiciach  |c 2015 
300 |a CD-ROM [241 s.] 
610 2 0 |a jazyky cudzie 
610 2 0 |a jazyk odborný 
610 2 0 |a jazykoveda 
610 2 0 |a preklady odborné 
610 2 0 |a vyučovanie 
610 2 0 |a didaktika 
610 2 0 |a školy vysoké 
610 2 0 |a univerzity 
700 1 |a Kaščáková, Eva 
700 1 |a Mihoková, Kristína 
700 1 |a Brestovičová, Alexandra 
700 1 |a Knutová, Gabriela 
110 2 |a FORLANG. Medzinárodná vedecká konferencia